000
00301nam a2200133Ia 4500
008
240624s9999 xx 000 0 und d
041
_a
eng
082
_a
657.45 ICF
100
_a
ICFAI
245
_a
AUDITING I
260
_c
2006
_a
Hyderabad
_b
ICFAI University
300
_a
422 : p. ; 26
365
_c
RS
999
_c
5926
_d
5926